Transformácia systému manažérstva kvality v Neografii, a.s., Martin

Realizácia procesného riadenia v Neografii, a.s. Martin v dvoch projektoch. Modelovanie podnikových procesov. Transformácia systému manažérstva kvality. Procesný model Neografia, a.s. - Procesná mapa.

Gespeichert in:
Bibliographische Detailangaben
1. Verfasser: Krajčiová, Marta
Format: Buchkapitel
Sprache:Slowakisch
Schlagworte:
Tags: Tag hinzufügen
Keine Tags, Fügen Sie das erste Tag hinzu!

MARC

LEADER 00000naa a2200000 4500
001 r049285
005 20231002070516.8
041 0 |a slo 
044 |a SK 
245 1 0 |a Transformácia systému manažérstva kvality v Neografii, a.s., Martin  |c Marta Krajčiová 
520 |a Realizácia procesného riadenia v Neografii, a.s. Martin v dvoch projektoch. Modelovanie podnikových procesov. Transformácia systému manažérstva kvality. Procesný model Neografia, a.s. - Procesná mapa. 
610 2 0 |a systém riadenia kvality 
610 2 0 |a transformácia 
610 2 0 |a projekty 
610 2 0 |a modelovanie 
610 2 0 |a procesy podnikové 
610 2 0 |a riadenie procesné 
100 1 |a Krajčiová, Marta